Logo BPK

Biblioteka

Politechniki Koszalińskiej

Three centuries of English Literature 1625/1900 : (Rekord nr 48646)

Szczegóły MARC
000 -ETYKIETA REKORDU
podpole kontrolne o stałej długości 00701nam a2200205 i 4500
001 - NUMER KONTROLNY REKORDU
pole kontrolne bgj
020 ## - MIĘDZYNARODOWY ZNORMALIZOWANY NUMER KSIĄŻKI - ISBN
ISBN 0673102173
040 ## - ŹRÓDŁO KATALOGOWANIA
Instytucja, która utworzyła rekord BPK
041 0# - KOD JĘZYKA
Kod języka tekstu eng
920 ## - Międzynarodowy znormalizowany numer książki – ISBN
ISBN 0-673-10217-3
008 - POLE O STAŁEJ DŁUGOŚCI - DANE KONTROLNE
podpole kontrolne o stałej długości s uk f |000 0 eng
100 1# - NAZWA OSOBOWA
Nazwa osobowa MILLER, James E. Jr.
245 10 - TYTUŁ/ODPOWIEDZIALNOŚĆ
Tytuł Three centuries of English Literature 1625/1900 :
Ciąg dalszy tytułu John Donne - Lewis Carrol /
Pozostałe elementy strefy tytułu i oznaczenia odpowiedzialności James E. Miller, Jr. ; Myrtle J. Jones ; Helen McDonnell.
260 ## - STREFA ADRESU WYDAWNICZEGO
Miejsce wydania Glenview, Ill. :
Nazwa wydawcy/dystrybutora Scott, Foresman and Company,
Data publikacji, dystrybucji/powstania dokumentu c. 1976.
300 ## - STREFA OPISU FIZYCZNEGO
Objętość VIII, 255 pp ;
Rozmiary 24 cm.
650 #9 - HASŁO PRZEDMIOTOWE W FORMIE NAZWY OGÓLNEJ LUB JEDNOSTKOWEJ
Nazwa ogólna lub geograficzna English literature
Określnik ogólny History and criticism
Określnik chronologiczny 1625-1900
700 1# - HASŁO DODATKOWE - NAZWA OSOBOWA
Nazwa osobowa JONES, Myrtle J.
Określenie związku między hasłem a opisywanym materiałem co-author
700 1# - HASŁO DODATKOWE - NAZWA OSOBOWA
Nazwa osobowa McDONNEL, Helene.
Określenie związku między hasłem a opisywanym materiałem co-author
856 ## - LOKALIZACJA I DOSTĘP DO ELEKTRONICZNYCH DOKUMENTÓW ZDALNYCH
Link (URL) http://koha.tu.koszalin.pl/cgi-bin/koha/opac-detail.pl?biblionumber=48646
Tekst linku Katalog online BPK
942 ## - DODATKOWE ELEMENTY (KOHA)
Typ dokumentu Książka
Egzemplarze
Wycofany Status egzemplarza Uszkodzony Dostępność Lokalizacja stała Lokalizacja bieżąca Miejsce przechowywania Sygnatura Kod kreskowy Dział Typ dokumentu
      Tylko na miejscu Biblioteka Politechniki Koszalińskiej Biblioteka Politechniki Koszalińskiej Czytelnia Wydziałowa ul. Kwiatkowskiego 6e KA 5946 09052789 821.111 Literatura angielska Książka
© 2023 Biblioteka Politechniki Koszalińskiej :: KOHA